| 000 | 00623nam a22001457a 4500 | ||
|---|---|---|---|
| 005 | 20241212103224.0 | ||
| 008 | 240924b ||||| |||| 00| 0 eng d | ||
| 082 | _2DPer050 M72 January-March 2018 v. 66 no. 8-10 | ||
| 100 |
_aMagbanua, Chriss Martin T. _eauthor. _961557 |
||
| 245 |
_a District of tigbauan special education program joied in the celebration of ndpr week / _cChriss Martin T. Magbanua. |
||
| 260 |
_aPhilippines; _bPublishers Association of the Philippines, Inc., _cJuly 2018. |
||
| 300 |
_aVolume 66, pages 54, _billustration. |
||
| 700 |
_aMagbanua, Chriss Martin T. _eauthor. _961557 |
||
| 942 |
_2ddc _cPER |
||
| 999 |
_c21822 _d21822 |
||